00561nam a2200169Ia 4500008004100000020001800041041000800059082001800067100002400085245004300109250000600152260004500158300001200203650003000215999001900245952012700264210716s2014 xx 000 0 und d a9780199672455 aeng a658.3125 LUMM aLumley, Maryvonne;W aDeveloping employability for business. a1 aNew DelhibOxford University Pressc2014 axii,223 aHuman Resource Management c209441d209441 001040708MBAaAIMITbAIMITd2015-11-16g840.00l0o658.3125 LUMMpMBA12007r2026-05-23 00:00:00v630.00w2021-07-16yBK